000 00958nam a2200217 i 4500
001 170691
003 ES-MaACL
005 20251120063147.0
008 090331s1948 sp |||| | spa d
100 1 _aBalmes, Jaime,
_d1810-1848
_925096
245 1 0 _aObras completas.
_nT. III /
_cJaime Balmes; edición de la Biblioteca de autores cristianos, dirigida por la Fundación Balmesiana de Barcelona, según la ordenada y anotada por el P. Casanovas.
260 _aMadrid :
_b[La Editorial Católica],
_c1948.
300 _aXX, 755 p. ;
_c20 cm.
490 1 _aBiblioteca de autores cristianos ;
_v42
505 8 _aContiene: Filosofía elemental ( Lógica, Ética, Metafísica e Historia de la Filosofía); El criterio
700 1 _aCasanovas, Ignasi.
_936123
710 2 _aFundación Balmesiana de Barcelona.
_9188971
830 0 0 _aBiblioteca de autores cristianos
_v42
_9178679
852 _aES-MaACL
_jJ-41
_9R.46092
999 _c170691
_d170691